Normal view
MARC view
- Unfamilar Japan
Entry Topical Term
001 - CONTROL NUMBER
- control field: 107719
003 - CONTROL NUMBER IDENTIFIER
- control field: NUST
005 - DATE AND TIME OF LATEST TRANSACTION
- control field: 20230126100435.0
008 - FIXED-LENGTH DATA ELEMENTS
- fixed length control field: 230126|| aca||aabn | a|a d
040 ## - CATALOGING SOURCE
- Original cataloging agency: NUST
- Transcribing agency: NUST
150 ## - HEADING--TOPICAL TERM
- Topical term or geographic name entry element: Unfamilar Japan
670 ## - SOURCE DATA FOUND
- Source citation: Work cat.: (NUST)186996: Weston, Walter 107718, A Wayfarer in Unfamilar Japan /
